000 00791nam a2200217 i 4500
001 145080
003 ES-MaACL
005 20260327151601.0
007 t|
008 070214s1903 sp r ||||1| spa d
100 1 _aSoto, Sixto Mario.
_9107535
245 1 0 _aSabatini
_b: estudio biográfico /
_cpor Sixto Mario Soto.
260 _aValladolid :
_b[s. n.],
_c1903 (
_fTip. de H. de J. Pastor)
300 _a101 p., [2] h. de lám. ;
_c21 cm.
530 _aDisponible en formato digital.
600 1 4 _aSabatini, Francisco,
_d1722-1797
_9168308
852 _aES-MaACL
_j1532-F-5
_9150317
_cDEPOF
_zRevisado enlace: 27 de Marzo de 2025.
856 4 _uhttp://bdh-rd.bne.es/viewer.vm?id=0000069591&page=1
_yBiblioteca Digital Hispánica
942 _2udc
999 _c145080
_d145080